MARC

LEADER 00000nam0a2200000 4500
001 259139
005 20231101233347.0
035 |a (RuTPU)RU\TPU\book\282054 
090 |a 259139 
100 |a 20140506d1987 k y0rusy50 ca 
101 0 |a rus 
102 |a EE 
105 |a a z 001zy 
200 1 |a Вопросы стохастического управления режимами энергетических систем  |f Таллинский политехнический институт (ТПИ) ; под ред. О. Талупере 
210 |a Таллин  |c Изд-во ТалПИ  |d 1987 
215 |a 96 с.  |c ил. 
225 1 |a Труды Таллинского политехнического института  |v Вып. 657  |i Энергетические системы XIII 
320 |a Библиогр. в конце ст. 
606 1 |a Энергетические системы  |2 stltpush  |3 (RuTPU)RU\TPU\subj\21249  |9 46268 
610 1 |a режимы 
610 1 |a стохастическое управление 
610 1 |a статистическое моделирование 
610 1 |a статистический анализ 
610 1 |a математическое моделирование 
675 |a 621.311  |v 3 
702 1 |a Талупере  |b О.  |4 340 
712 0 2 |a Таллинский политехнический институт (ТПИ)  |c (1941-1989)  |2 stltpush  |3 (RuTPU)RU\TPU\col\12417 
801 1 |a RU  |b 63413507  |c 20140506 
801 2 |a RU  |b 63413507  |c 20160331  |g RCR 
942 |c BK